000 00595nam a22002177a 4500
003 UA-OsUOA
001 36842
007 ta
008 20061108b un ||||| |||| 00| 0 ukr d
090 _a94(477).15
942 _cBR
040 _aUA-OsUOA
_bukr
_cUA-OsUOA
_dUA-OsUOA
245 _aОсередок Української Культури й Освіти
_bЦілі і завдання
300 _a22 с.
955 _a1
041 _aukr
080 _a94(477).15
260 _aВінніпег
650 7 _a9 Географія. Біографії. Історія
_2UDC
999 _c435360
_d435360